000 00612nam a2200205Ia 4500
003 GCL
008 140319s9999 xx 000 0 ara d
020 _a3025070977
040 _aGCL /
_cGCL
082 0 4 _a225
_bع م
100 1 _aعبدالقادر حسين
245 1 0 _aمن بلاغة النبوة /
_cعبدالقادر حسين
260 _aالقاهرة :
_bمؤسسة الخليج العربى ،
_c1992
300 _a146 ص ؛
_c19 سم
490 _a
650 0 4 _aالقران - بلاغة
650 0 4 _aالقران - اعجاز
650 0 4 _aالقران - الفاظ
942 _2ddc
_cBK
999 _c42657
_d42657